| 000 | 00378nam a22001697a 4500 | ||
|---|---|---|---|
| 005 | 20160531104503.0 | ||
| 008 | 160531b xxu||||| |||| 00| 0 eng d | ||
| 020 | _a0-07-059838-X | ||
| 041 | _aeng | ||
| 082 | _b6255 | ||
| 100 |
_aCappo, Joe _91570 |
||
| 245 | _aThe Future of Advertising | ||
| 260 |
_bTMH _c2004 |
||
| 300 | _a246 | ||
| 650 |
_aManagement _9241 |
||
| 942 | _cBK | ||
| 999 |
_c2214 _d2213 |
||